000 00308nam a22001337a 4500
008 170607b xxu||||| |||| 00| 0 eng d
020 _a0312179340
041 _aeng
080 _a328
100 _a18
101 _aSHP
245 _aCURRENT ISSUES IN PUBLIC ADMINISTRATION
_cLANE.F.S
942 _2udc
_cBK
999 _c16339
_d16339